Normal view
MARC view
- احصاء-علوم تكنولوجية تطبيقية
Entry Topical Term
001 - CONTROL NUMBER
- control field: 38330
003 - CONTROL NUMBER IDENTIFIER
- control field: JO-AjAnu
005 - DATE AND TIME OF LATEST TRANSACTION
- control field: 20230606080402.0
008 - FIXED-LENGTH DATA ELEMENTS
- fixed length control field: 230606|| aca||aabn | a|a d
040 ## - CATALOGING SOURCE
- Original cataloging agency: JO-AjAnu
- Transcribing agency: JO-AjAnu
150 ## - HEADING--TOPICAL TERM
- Topical term or geographic name entry element: احصاء-علوم تكنولوجية تطبيقية
670 ## - SOURCE DATA FOUND
- Source citation: Work cat.: (JO-AjAnu)19662: ناصر، حسن لعبيي، سناء فيصل رحمة الله, author 38329, الاحصاء لطلاب العلوم والتكنولوجيا=Statsitics for Students of Science and Technology